Dôchodková reforma je tesne pred rozbehom
Od 1. januára 2005 do konca júna 2006 sa budú Slováci rozhodovať, či vstúpia do druhého kapitalizačného piliera dôchodkového systému. Podľa zákona o starobnom dôchodkovom sporení č. 43/2004 Zb. v znení neskorších predpisov sa 2. pilier týka zamestnancov a samostatne zárobkovo činných osôb. Vymedzeni...
Salvato in:
| Natura: | Capitolo di libro |
|---|---|
| Lingua: | slovacco inglese |
| Soggetti: | |
| Tags: |
Nessun Tag, puoi essere il primo ad aggiungerne!!
|
MARC
| LEADER | 00000naa$a2200000$$$4500 | ||
|---|---|---|---|
| 001 | 0022215 | ||
| 005 | 20230426104029.6 | ||
| 041 | 0 | |a slo | |
| 041 | 0 | |a eng | |
| 044 | |a SK | ||
| 245 | 1 | 0 | |a Dôchodková reforma je tesne pred rozbehom |
| 520 | |a Od 1. januára 2005 do konca júna 2006 sa budú Slováci rozhodovať, či vstúpia do druhého kapitalizačného piliera dôchodkového systému. Podľa zákona o starobnom dôchodkovom sporení č. 43/2004 Zb. v znení neskorších predpisov sa 2. pilier týka zamestnancov a samostatne zárobkovo činných osôb. Vymedzenie činnosti dôchodkovej správcovskej spoločnosti (DSS). Investovanie majetku v dôchodkových fondoch (rastový, vyvážený, konzervatívny). Informačná povinnosť DSS. Propagačná činnosť a reklama DSS. Vyjadrenia predstaviteľov vznikajúcich DSS alebo zástupcov ich zakladateľov na niektoré aspekty dôchodkovej reformy. | ||
| 610 | 2 | 0 | |a reformy dôchodkové |
| 610 | 2 | 0 | |a systémy dôchodkové |
| 610 | 2 | 0 | |a Slovensko |
| 610 | 2 | 0 | |a dôchodky starobné |
| 610 | 2 | 0 | |a zákony |
| 610 | 2 | 0 | |a spoločnosti správcovské dôchodkové |
| 610 | 2 | 0 | |a fondy penzijné |
| 610 | 2 | 0 | |a 2005 |